UFC Fighters Records - Statistics

General Stats
  • This quiz has been taken 68 times
    35 since last reset
  • The average score is 8 of 16
Answer Stats
Records Fighter % Correct
29-5(Flyweight) Alexandre Pantoja
83%
27-3-1(Flyweight) Demetrious Johnson
76%
20-4(Welterweight) Kamaru Usman
76%
Who's record is 34-11?(Middleweight) Anderson Silva
69%
19-4(Bantamweight) Merab Dvalishvili
69%
26-8(Featherweight) Max Holloway
66%
20-5(Heavyweight) Stipe Miocic
66%
26-2(Welterweight) Georges St-Pierre
62%
21-1-1(Light Heavyweight) Magomed Ankalaev
59%
18-1(Bantamweight) Umar Nurmagomedov
59%
22-6(Lightweight) Conor Mcgregor
41%
32-9(Bantamweight) Jose Aldo
41%
23-2(Middleweight) Dricus Du Plessis
24%
26-11(Lightweight) Tony Ferguson
21%
32-17-1(Lightweight) Bobby Green
14%
21-12-1(Light Heavyweight) Tito Ortiz
0%
No matching quizzes found
Score Distribution
Percent of People with Each Score
Percentile by Number Answered
Your Score History
You have not taken this quiz since the last reset